MARC

LEADER 00000nam0a2200000 4500
001 35630
005 20231030234335.0
010 |a 5217005572 
035 |a (RuTPU)RU\TPU\book\36067 
035 |a BOOK00002719 
090 |a 35630 
100 |a 20011210d1989 km y0rusy50 ca 
101 0 |a rus 
102 |a RU 
105 |a a z 000zy 
200 1 |a Системы автоматического управления с микроЭВМ  |f В. Н. Дроздов, И. В. Мирошник, В. И. Скорубский 
210 |a Ленинград  |c Машиностроение  |d 1989 
215 |a 284 с. 
610 1 |a локальные системы управления 
610 1 |a микропроцессоры 
610 1 |a микроЭВМ 
610 1 |a алгоритмы 
610 1 |a нелинейные системы 
610 1 |a технические средства 
610 1 |a примеры 
675 |a 681.3:621.382.049  |v 3 
700 1 |a Дроздов  |b В. Н.  |g Валентин Нилович 
701 1 |a Мирошник  |b И. В.  |g Илья Васильевич 
701 1 |a Скорубский  |b В. И.  |g Владимир Иванович 
801 0 |a RU  |b 63413507  |c 20011210  |g PSBO 
801 2 |a RU  |b 63413507  |c 20140324  |g PSBO 
900 |a Теория управления 
900 |a Цифровые системы управления 
942 |c BK